000 00816nam a2200241Ia 4500
003 GCL
008 140319s9999 xx 000 0 ara d
020 _a3812305977
040 _aGCL /
_cGCL
082 0 4 _a791.43
_bأ س
100 1 _aاحمد الحضرى
245 1 0 _aسعيد شيمى شاعر الصورة السينمائية /
_cاحمد الحضرى
250 _aالاولى
260 _aالقاهرة :
_bالمجلس الاعلى للاثار ،
_c2005
260 _aالقاهرة :
_bصندوق التنمية الثقافية ،
_c2005
300 _a273ص ؛
_c21سم
650 0 4 _aالسينما
650 0 4 _aالتصوير السينمائى
650 0 4 _aالسينما - مصر
650 0 4 _aالمصورون المصريون
650 0 4 _aسعيد الشيمى
942 _2ddc
_cBK
999 _c7826
_d7826